000 00925nam a22003137a 4500
003 CHAP
005 20220329140425.0
008 971013s1982 r 00010 d
010 _a51744
011 _a52716
035 _a56866
040 _cCHAP
090 _aFolleto 6544 (1982)
100 0 0 _aTribe, Michael.
_9114913
245 _aChloroplasts and mitochondria
250 _a2 ed.
260 _aLondon :
_bArnold,
_c1982
300 _a82 p.
_b: ilus.
490 _aInstitute of Biology's. Studies in biology
_v; 31
590 _aBATCH-UPD
_b10
_c20130110
_lUCH01
_h0757
590 _aCONVERSION
_b10
_c20130109
_lUCH01
_h1328
650 1 4 _aCloroplastos.
_923901
650 1 4 _aMitocondria.
_976247
700 0 _aWhittaker, Peter.
_9121777
830 0 _aInstitute of Biology's. Studies in biology
_v; 31
_959025
901 _aBK
942 _cFOLL
949 _aFolleto 6544 (1982)
_bBC
_cFOLL
_d-124005
_eTS1
_i56866
_si
999 _c51744
_d51744